000 00549nam a2200217Ia 4500
003 OSt
005 20230516102953.0
008 210423s2007 xx 000 0 und d
020 _a8122410146
040 _cAL
041 _aeng
082 _a576.163 ADAM
_223
100 _aADAMS (M R);MOSS (M O).
_9104708
245 _aFood microbiology.
260 _aNew Delhi
_bNew Age International
_c2007
300 _axiii,398
_bPB
365 _b195
_cINR
650 _aFood Microbiology
_9104709
906 _aFood ; microbiology.
942 _2ddc
_cBK
999 _c164781
_d164781